| 000 | 01394nam a2200409 c 4500 | ||
|---|---|---|---|
| 001 | 24348 | ||
| 003 | ES-MaCES | ||
| 005 | 20150929135824.0 | ||
| 008 | 120323s2012 sp t 000 | spa d | ||
| 017 |
_aGR 136-2012 _bDL |
||
| 020 | _a9788498369168 | ||
| 035 | _aCES20120002079m | ||
| 040 |
_aES-MaCES _bspa _cES-MaCES |
||
| 100 | 1 |
_aValdés Dal-Ré, Fernando _925408 |
|
| 245 | 1 | 3 |
_aLa negociación colectiva, entre tradición y renovación _cFernando Valdés Dal-Ré |
| 260 |
_aGranada _bComares _c2012 |
||
| 300 |
_aXIV, 465 p. _c24 cm |
||
| 490 | 1 | _aBiblioteca Comares de ciencia jurídica | |
| 490 | 1 |
_aCrítica del derecho. Sección Arte del derecho _v102 |
|
| 504 | _aBibliografía | ||
| 541 | _cCompra | ||
| 650 | 4 |
_anegociación colectiva _928362 |
|
| 650 | 4 |
_aconvenio colectivo _928361 |
|
| 650 | 4 |
_areforma legislativa _929892 |
|
| 650 | 4 |
_alegislación del trabajo _927166 |
|
| 650 | 4 |
_aderecho constitucional _927158 |
|
| 650 | 4 |
_aEspaña _926964 |
|
| 650 | 4 |
_arégimen jurídico _929894 |
|
| 653 | 1 | 0 | _aRelaciones laborales-Empleo |
| 650 | 4 |
_928369 _arelaciones laborales |
|
| 650 | 4 |
_930664 _aconcertación social |
|
| 830 | 0 |
_aBiblioteca Comares de ciencia jurídica _932174 |
|
| 830 | 0 |
_aCrítica del derecho _pSección Arte del derecho _v102 _933760 |
|
| 902 | _aLIB Libro | ||
| 942 |
_2CES _cBK _h2.0. |
||
| 999 |
_c24348 _d24348 |
||